Statistics for Fast Typing A to Z

Click here to take the quiz!

General Stats

  • This quiz has been taken 3 times
  • The average score is 18 of 26

Answer Stats

Answer% Correct
A
100%
D
100%
E
100%
F
100%
I
100%
O
100%
P
100%
R
100%
S
100%
T
100%
U
100%
W
100%
B
50%
C
50%
G
50%
H
50%
J
50%
K
50%
L
50%
M
50%
N
50%
Q
50%
V
50%
Y
50%
X
0%
Z
0%

Score Distribution

Percentile by Number Answered

Percent of People with Each Score

Your Score History

You have not taken this quiz